000 01461cam a2200313 4500
008 090401t1997 xxu||||| |||| 00| 0 eng d
020 _a0951486691
035 _a(Sirsi) u84250
041 _aeng
050 _a692.8
245 _aConstruction contract reform: a plea for sanity: a collection of papers in opposition to the 1995-1997 reform proposals.
260 _aLondon
_bConstruction Law Press
_c1997
300 _axv, 296p. ; 21cm.
350 _a25
490 _aConstruction Law Press Contemporary Issues in Construction Law Series
_vII
520 _aA collection of papers from different sources whose unifying feature is their opposition to the `Latham` reforms introduced in 1995 by the Conservative government and now adopted by the Labour government which came into office in May 1997.
650 _aMANAGEMENT-DISPUTE AVOIDANCE, MANAGEMENT AND RESOLUTION-DISPUTE MANAGEMENT AND RESOLUTION-ALTERNATIVE DISPUTE RESOLUTION-ADJUDICATION
650 _aBUILT ENVIRONMENT-BUILDING CONTRACT FORMS
650 _aCONSTRUCTION INDUSTRY
650 _aCONTEMPORARY ISSUES IN CONSTRUCTION LAW
650 _aHOUSING GRANTS, CONSTRUCTION AND REGENERATION ACT
650 _aLATHAM REFORMS
650 _aNEW ENGINEERING CONTRACT
690 _aBUILT ENVIRONMENT-BUILDING CONTRACT FORMS
700 _aUff, John
_xEditor
710 _aKing's College London
_bCentre of Construction Law and Management
_92173
942 _n0
948 _c16/02/1998
999 _c96923
_d96923